| 000 | 00550nam a2200181 a 4500 | ||
|---|---|---|---|
| 005 | 20140310183156.0 | ||
| 008 | 021029s19uu xx 00 eng d | ||
| 050 |
_aQL 812 _b.C454 1992 |
||
| 100 | _aChanco, Christine L. | ||
| 245 |
_aComparative vertebrate anatomy atlas / _cChristine L. Chanco. |
||
| 260 |
_aMakati Metro Manila, Philippines : _bChanco-Buelo Enterprise, _c1992. |
||
| 300 |
_a88 p. : _c23 cm. |
||
| 521 | _aNUR | ||
| 650 |
_aVertebrates _xanatomy. |
||
| 650 |
_aAnatomy _xcomparative. |
||
| 942 |
_cBK _2lcc _kLOC |
||
| 999 |
_c19774 _d19774 |
||